100k+ Cities in Europe by Letter on a Map - E - Statistics

General Stats
  • This quiz has been taken 366 times
  • The average score is 7 of 13
Answers on the Map
Answers color-coded by a green-red scale on the quiz's map according to % correct below.
 
Answer Stats
Population Answer % Correct
465k Edinburgh
99%
593k Essen
88%
210k Eindhoven
76%
257k Espoo
72%
118k Exeter
67%
203k Erfurt
66%
230k Elche
53%
118k Eastbourne
48%
154k Enschede
44%
103k Erlangen
38%
101k Elbasan
31%
128k Elblag
29%
144k Elektrostal
19%
No matching quizzes found
Score Distribution
Percent of People with Each Score
Percentile by Number Answered
Your Score History
You have not taken this quiz